| 000 | 00471nam a2200145 4500 | ||
|---|---|---|---|
| 082 | _aBESE-4 IZZ | ||
| 100 | _a Izzah Zaman | Neelam Shoaib | Tahreem Saleem | ||
| 245 | _aLabyrinth | ||
| 260 |
_aIslamabad _bNUST-SEECS _c2017 |
||
| 300 |
_a59p. _eCD Includes |
||
| 856 | _uhttp://10.250.8.41:8080/xmlui/handle/123456789/29046 | ||
| 942 |
_2ddc _cPR |
||
| 999 |
_c331536 _d331536 |
||